Statystyki dla Inter Mediolan 2019/2020

Kliknij tutaj aby rozwiązać quiz!

Ogólne statystyki

  • Ten quiz został rozwiązany 211 razy
  • Średni wynik to 12 z 27

Statystyki odpowiedzi

PozycjaImię i Nazwisko% Poprawnych
BramkarzSamir Handanovic
95%
NapastnikRomelu Lukaku
93%
NapastnikLautaro Martinez
84%
ObrońcaDiego Godin
77%
ObrońcaMilan Skriniar
76%
ObrońcaStefan de Vrij
75%
NapastnikAlexis Sanchez
68%
PomocnikMarcelo Brozovic
58%
PomocnikAntonio Candreva
55%
PomocnikNicolo Barella
55%
PomocnikKwadwo Asamoah
47%
PomocnikStefano Sensi
46%
NapastnikMatteo Politano
45%
PomocnikMatias Vecino
42%
PomocnikBorja Valero
37%
ObrońcaDanilo D'Ambrosio
37%
ObrońcaAndrea Ranocchia
31%
BramkarzDaniele Padelli
30%
PomocnikRoberto Gagliardini
28%
BramkarzTomasso Berni
28%
NapastnikSebastiano Esposito
28%
PomocnikValentino Lazaro
25%
ObrońcaAlessandro Bastoni
25%
PomocnikCristiano Biraghi
23%
PomocnikLucien Agoume
8%
ObrońcaFederico Dimarco
7%
ObrońcaLorenzo Pirola
5%

Rozkład punktacji

Percentyl według liczby udzielonych odpowiedzi

Procent ludzi z każdym wynikiem

Twoja historia wyników

Nie rozwiązałeś tego quizu